00748 2200265 4500001002100000005001700021008004100038035002400079082001000103090002100113100001700134245010900151260004600260300002400306440002500330500001100355650001000366700001900376700002200395850002100417980001400438985000600452986000900458999001500467YOGYA-0209000004297520090227025923.0 ind  0010-020900000042975 a384.5 a384.5bYou RlQT aYOUNG, Frank aRadio dan radarcfrank young ; tim penerjemah, Sofyan Tsauri ... [et al] ; penyunting, Tony S. Rachmadie aJakartabGrolier International, Incc1986 a29 hlmbilusc29 cm aRevolusi elektronika aIndeks aRadio aTsauri, Sofyan aRakhmadie, Tony S aYOPDYOG [TRM 29] a25-8-2007 a1 aRuni a07A0025257